Okayama Prefecture Japan - Map Quiz - Statistics

General Stats
  • This quiz has been taken 7 times
  • The average score is 12 of 27
Answers on the Map
Answers color-coded by a green-red scale on the quiz's map according to % correct below.
 
Answer Stats
Answer % Correct
Okayama
83%
Bizen
67%
Kibichuo
67%
Kurashiki
67%
Niimi
67%
Akaiwa
50%
Kagamino
50%
Kasaoka
50%
Kumenan
50%
Soja
50%
Takahashi
50%
Tsuyama
50%
Asakuchi
33%
Hayashima
33%
Ibara
33%
Maniwa
33%
Mimasaka
33%
Misaki
33%
Nagi
33%
Nishiawakura
33%
Satosho
33%
Setouchi
33%
Shinjo
33%
Shoo
33%
Tamano
33%
Wake
33%
Yakage
33%
No matching quizzes found
Score Distribution
Percent of People with Each Score
Percentile by Number Answered
Your Score History
You have not taken this quiz